000 00912nam a22002057a 4500
005 20251108173216.0
008 250721s2005 xx 000 0 ara d
082 1 4 _aم/922.1303/أثر
100 1 _aالأثري، أكرم بن محمد زيادة الفالوجي
245 1 0 _aالمعجم الصغير لرواة الإمام إبن جرير الطبري الذي روى لهم في كتبه المسندة المطبوعة التفسير- التاريخ- تهذيب الأثار- صريح السنة /
264 1 _aعمان :
_bالدار الأثرية،
_c2005.
300 _a2مج.
490 0 _aسلسلة دراسات تراجم التفسير الأتري
_v2
650 1 7 _aعلوم الحديث
650 1 7 _aالتراجم
650 1 7 _aالرواد
700 1 _aالأثري، علي بن حسن بن علي بن عبد الحميد الحلبي
942 _2ddc
_cREF
999 _c98595
_d98595